Đại số 10
Nội dung sách giới thiệu về mệnh đề, tập hợp, hàm số bậc nhất và bậc hai, phương trình, hệ phương trình, bất đẳng thức, bất phương trình. Thống kê, cung và góc lượng giác, công thức lượng giác....
Wedi'i Gadw mewn:
| Prif Awdur: | |
|---|---|
| Fformat: | Llyfr |
| Iaith: | Undetermined |
| Cyhoeddwyd: |
Hà Nội
Giáo dục Việt Nam
2016
|
| Pynciau: | |
| Tagiau: |
Ychwanegu Tag
Dim Tagiau, Byddwch y cyntaf i dagio'r cofnod hwn!
|
| Thư viện lưu trữ: | Trung tâm Học liệu Trường Đại học Cần Thơ |
|---|
| LEADER | 00951nam a2200217Ia 4500 | ||
|---|---|---|---|
| 001 | CTU_217098 | ||
| 008 | 210402s9999 xx 000 0 und d | ||
| 020 | |c 8400 | ||
| 082 | |a 512.00712 | ||
| 082 | |b H108 | ||
| 100 | |a Trần, Văn Hạo | ||
| 245 | 0 | |a Đại số 10 | |
| 245 | 0 | |c Trần Văn Hạo (Tổng chủ biên) | |
| 260 | |a Hà Nội | ||
| 260 | |b Giáo dục Việt Nam | ||
| 260 | |c 2016 | ||
| 520 | |a Nội dung sách giới thiệu về mệnh đề, tập hợp, hàm số bậc nhất và bậc hai, phương trình, hệ phương trình, bất đẳng thức, bất phương trình. Thống kê, cung và góc lượng giác, công thức lượng giác. | ||
| 650 | |a Algebra,Đại số | ||
| 650 | |x Study and teaching (Secondary),Dạy và học (Trung học) | ||
| 904 | |i Hải | ||
| 980 | |a Trung tâm Học liệu Trường Đại học Cần Thơ | ||